Introduction to forensic chemistry / (Record no. 21081)

MARC details
000 -LEADER
fixed length control field 01797cam a2200373 i 4500
001 - CONTROL NUMBER
control field 21630769
003 - CONTROL NUMBER IDENTIFIER
control field OSt
005 - DATE AND TIME OF LATEST TRANSACTION
control field 20260119145220.0
006 - FIXED-LENGTH DATA ELEMENTS--ADDITIONAL MATERIAL CHARACTERISTICS
fixed length control field m |o d |
007 - PHYSICAL DESCRIPTION FIXED FIELD--GENERAL INFORMATION
fixed length control field cr |||||||||||
008 - FIXED-LENGTH DATA ELEMENTS--GENERAL INFORMATION
fixed length control field 180406s2019 flu ob 001 0 eng
010 ## - LIBRARY OF CONGRESS CONTROL NUMBER
LC control number 2020692077
020 ## - INTERNATIONAL STANDARD BOOK NUMBER
Canceled/invalid ISBN 9781498763103
Qualifying information (hardback : alk. paper)
035 ## - SYSTEM CONTROL NUMBER
System control number 21630769
040 ## - CATALOGING SOURCE
Original cataloging agency DLC
Language of cataloging eng
Description conventions rda
Transcribing agency DLC
Modifying agency DLC
042 ## - AUTHENTICATION CODE
Authentication code pcc
050 00 - LIBRARY OF CONGRESS CALL NUMBER
Classification number RA1057
Item number .E46 2019
082 00 - DEWEY DECIMAL CLASSIFICATION NUMBER
Classification number 614/.12
Edition number 23
100 1# - MAIN ENTRY--PERSONAL NAME
Personal name Elkins, Kelly M.,
Relator term author.
245 10 - TITLE STATEMENT
Title Introduction to forensic chemistry /
Statement of responsibility, etc. Kelly M. Elkins.
264 #1 - PRODUCTION, PUBLICATION, DISTRIBUTION, MANUFACTURE, AND COPYRIGHT NOTICE
Place of production, publication, distribution, manufacture Boca Raton :
Name of producer, publisher, distributor, manufacturer CRC Press, Taylor and Francis Group,
Date of production, publication, distribution, manufacture, or copyright notice [2019]
300 ## - PHYSICAL DESCRIPTION
Extent 1 online resource
336 ## - CONTENT TYPE
Content type term text
Content type code txt
Source rdacontent
337 ## - MEDIA TYPE
Media type term computer
Media type code c
Source rdamedia
338 ## - CARRIER TYPE
Carrier type term online resource
Carrier type code cr
Source rdacarrier
504 ## - BIBLIOGRAPHY, ETC. NOTE
Bibliography, etc Includes bibliographical references and index.
505 0# - FORMATTED CONTENTS NOTE
Formatted contents note An introduction to forensic chemistry and physical evidence -- Chemical tests -- The microscope -- Light spectroscopy -- Advanced spectroscopy -- Chromatography -- Inorganic poisons and contaminants -- Controlled substances -- Toxicology -- Trace evidence -- Questioned documents and impression evidence -- Latent print development -- Firearms -- Arson and explosives -- Cbrne chemical, biological, radiological, nuclear and explosives -- Environmental forensics.
588 ## - SOURCE OF DESCRIPTION NOTE
Source of description note Description based on online resource; title from PDF title page (Site, viewed 08/24/2020).
650 #0 - SUBJECT ADDED ENTRY--TOPICAL TERM
Topical term or geographic name as entry element Chemistry, Forensic.
776 08 - ADDITIONAL PHYSICAL FORM ENTRY
Relationship information Print version:
Title Introduction to forensic chemistry
Place, publisher, and date of publication Boca Raton : CRC Press, Taylor & Francis Group, [2019]
International Standard Book Number 9781498763103 (hardback : alk. paper)
Record control number (DLC) 2018015615
906 ## - LOCAL DATA ELEMENT F, LDF (RLIN)
a 7
b cbc
c origcop
d 1
e ecip
f 20
g y-gencatlg
942 ## - ADDED ENTRY ELEMENTS (KOHA)
Source of classification or shelving scheme Library of Congress Classification
Koha item type General Collection
Holdings
Withdrawn status Lost status Source of classification or shelving scheme Not for loan Home library Current library Shelving location Date acquired Cost, normal purchase price Inventory number Total Checkouts Full call number Barcode Date last seen Copy number Price effective from Koha item type
    Library of Congress Classification   Kabarak, Main Campus Kabarak, Main Campus General Stacks 19/01/2026 11098.00 2026/3815   RA1057 .E46 2019 C.1 38654 19/01/2026 C.1 19/01/2026 General Collection
Designed with assistance from East African Informatics Ltd